000 00728nam a2200277Ia 4500
005 20260324113741.0
008 008 260324s9999 xx 000 0 eng d
020 _a9781003314578
037 _aEBOOK
040 _aCRL
040 _beng
040 _cCRL
041 _2eng
041 _aeng
084 _qCRL
100 _aMehraj U. Din Dar; Aamir Ishaq Shah; Shakeel Ahmad Bhat; Syed Rouhullah Ali
_91148024
245 0 _aAdvanced Technologies for Water Quality Treatment and Management
260 _bTaylor and Francis
260 _c2023
365 _a
365 _b260
856 _uhttp://www.taylorfrancis.com/books/9781003314578
942 _cEBOOK
999 _c1737838
_d1737838